Retiring on the Free Market: Chile's Privatized Social Security /
Gespeichert in:
| 1. Verfasser: | |
|---|---|
| Weitere Verfasser: | |
| Format: | Text |
| Schlagworte: | |
| Tags: |
Tag hinzufügen
Keine Tags, Fügen Sie den ersten Tag hinzu!
|
MARC
| LEADER | 00000 a a2200000 04500 | ||
|---|---|---|---|
| 001 | 9951 | ||
| 003 | |||
| 040 | |||
| 100 | |a Lear, John | ||
| 245 | |a Retiring on the Free Market: |b Chile's Privatized Social Security / |c John Lear | ||
| 650 | |a CRISIS POLITICA | ||
| 650 | |a CRISIS SOCIAL | ||
| 650 | |a RECESION ECONOMICA | ||
| 650 | |a ACCION COLECTIVA | ||
| 650 | |a ARGENTINA | ||
| 700 | |a Collins, Joseph | ||
| 773 | |g volumen 35, número 4; páginas 36-41 | ||
| 999 | |c 24658 |d 24658 | ||
